Muslim Aqliatain Char Barazamo main (Record no. 273780)

000 -LEADER
fixed length control field 00241 a2200097 4500
001 - CONTROL NUMBER
control field 38707
090 ## - LOCALLY ASSIGNED LC-TYPE CALL NUMBER (OCLC); LOCAL CALL NUMBER (RLIN)
-- 24527
-- 24527
100 ## - MAIN ENTRY--PERSONAL NAME
Personal name Jalalzai Mosa Khan
245 ## - TITLE STATEMENT
Title Muslim Aqliatain Char Barazamo main
260 ## - PUBLICATION, DISTRIBUTION, ETC.
Place of publication, distribution, etc. Lahore
Name of publisher, distributor, etc. Student Service
Date of publication, distribution, etc. 1994
942 ## - ADDED ENTRY ELEMENTS (KOHA)
Institution code [OBSOLETE] NUST-CAE
Koha item type
--
Holdings
Withdrawn status Lost status Damaged status Not for loan Collection code Permanent Location Current Location Date acquired Total Checkouts Barcode Date last seen Price effective from Koha item type
          College of Aeronautical Engineering (CAE) College of Aeronautical Engineering (CAE) 04/03/2017   CAE68669 04/05/2017 04/05/2017 Book
© 2023 Central Library, National University of Sciences and Technology. All Rights Reserved.